How to... deal with a terminal dilapidations claim (Record no. 65908)
[ view plain ]
| 000 -LEADER | |
|---|---|
| fixed length control field | 01033cam a2200193 4500 |
| 001 - CONTROL NUMBER | |
| control field | ABS63447 |
| 008 - FIXED-LENGTH DATA ELEMENTS--GENERAL INFORMATION | |
| fixed length control field | 000000n2000 000 0 eng u |
| 035 ## - SYSTEM CONTROL NUMBER | |
| System control number | (Sirsi) u110566 |
| 245 ## - TITLE STATEMENT | |
| Title | How to... deal with a terminal dilapidations claim |
| 260 ## - PUBLICATION, DISTRIBUTION, ETC. | |
| Date of publication, distribution, etc. | 2000 |
| 490 ## - SERIES STATEMENT | |
| Series statement | Commercial Property |
| Volume/sequential designation | 3(5) December 2000, 14-16(3) |
| 520 ## - SUMMARY, ETC. | |
| Summary, etc. | Outlines the main points of the Property Litigation Association's draft pre-action protocol for terminal dilapidations claims. Details the general aims and effects of pre-action protocols as outlined by Lord Woolf, the aims of this protocol, comments on the draft and concludes that its principal benefit is as a model for good practice although it has yet to be adopted by the Lord Chancellor's department. The full text of the draft protocol is available from PLA, email: [email protected] |
| 590 ## - LOCAL NOTE (RLIN) | |
| Local note | ABS |
| 650 ## - SUBJECT ADDED ENTRY--TOPICAL TERM | |
| Topical term or geographic name entry element | Dilapidations |
| 9 (RLIN) | 6235 |
| 650 ## - SUBJECT ADDED ENTRY--TOPICAL TERM | |
| Topical term or geographic name entry element | PRE-ACTION PROTOCOLS |
| 650 ## - SUBJECT ADDED ENTRY--TOPICAL TERM | |
| Topical term or geographic name entry element | PROPERTY LITIGATION ASSOCIATION |
| 690 ## - LOCAL SUBJECT ADDED ENTRY--TOPICAL TERM (OCLC, RLIN) | |
| Topical term or geographic name as entry element | LANDLORD AND TENANT-LEASES |
| 942 ## - ADDED ENTRY ELEMENTS (KOHA) | |
| Suppress in OPAC | 0 |
| Withdrawn status | Lost status | Source of classification or shelving scheme | Damaged status | Not for loan | Home library | Current library | Shelving location | Date acquired | Total Checkouts | Full call number | Barcode | Date last seen | Copy number | Price effective from | Koha item type |
|---|---|---|---|---|---|---|---|---|---|---|---|---|---|---|---|
| Dewey Decimal Classification | London | London | Journal article | 25/01/2001 | ABS63447 | 110566-1001 | 06/08/2019 | 1 | 06/08/2019 | Journal article |